Generating stations (Registro nro. 156223)

Detalles MARC
000 -LEADER
fixed length control field 00574nam a22001817a 4500
005 - DATE AND TIME OF LATEST TRANSACTION
control field 20210616123755.0
008 - FIXED-LENGTH DATA ELEMENTS--GENERAL INFORMATION
fixed length control field 210616b nyu||||| |||| 00| 0 eng d
050 04 - LIBRARY OF CONGRESS CALL NUMBER
Classification number TK1191
Item number L68 1941
100 1# - MAIN ENTRY--PERSONAL NAME
Personal name Lovell, Alfred H.
245 10 - TITLE STATEMENT
Title Generating stations
Remainder of title : economic elements of electrical design.
Statement of responsibility, etc Alfred H. Lovell.
250 ## - EDITION STATEMENT
Edition statement 3a ed.
260 ## - PUBLICATION, DISTRIBUTION, ETC. (IMPRINT)
Place of publication, distribution, etc New York, NY. :
Name of publisher, distributor, etc McGraw-Hill,
Date of publication, distribution, etc 1941
300 ## - PHYSICAL DESCRIPTION
Extent xiii, 471 p. :
Other physical details il. ;
Dimensions 23 cm.
504 ## - BIBLIOGRAPHY, ETC. NOTE
Bibliography, etc Incluye índice
650 #7 - SUBJECT ADDED ENTRY--TOPICAL TERM
Source of heading or term lemb
Topical term or geographic name as entry element Centrales eléctricas
650 #7 - SUBJECT ADDED ENTRY--TOPICAL TERM
Source of heading or term lemb
Topical term or geographic name as entry element Energía eléctrica
942 ## - ADDED ENTRY ELEMENTS (KOHA)
Source of classification or shelving scheme Biblioteca del Cogreso de los Estados Unidos
Koha item type Libro
Existencias
Estado de pérdida Fuente de clasificación Estado del daño No para préstamo Ubicación permanente Ubicación actual Apartado o colección Fecha de adquisición Edición Área del conocimiento Total Checkouts Clasificación Código de Barras Date last seen Número de copia Costo por reposición Tipo de recurso
  Biblioteca del Cogreso de los Estados Unidos     Biblioteca de la Facultad de Ingeniería Eléctrica Biblioteca de la Facultad de Ingeniería Eléctrica General 16/06/2021 1a ed. Ingeniería y Tecnología   TK1191 L68 1941 BIE000004884 16/06/2021 C:1 1.00 Libro